[Event "Groningen Combinatie op"]
[Site "Groningen"]
[Date "2023.05.18"]
[Round "1"]
[White "Keuning, Selwin"]
[Black "Sweet, Sandro"]
[Result "1-0"]
[WhiteElo "2148"]
[BlackElo "1861"]
[PlyCount "77"]
[EventDate "2023.05.18"]
[EventType "swiss"]
[EventRounds "7"]
[EventCountry "NED"]
[SourceTitle "CBM 214 Extra"]
[Source "ChessBase"]
[SourceDate "2023.07.31"]
[SourceVersion "1"]
[SourceVersionDate "2023.07.31"]
[SourceQuality "1"]

1. e4 d6 2. d4 Nf6 3. Nc3 g6 4. Be3 Bg7 5. Qd2 0-0 6. 0-0-0 a6 7. Bh6 Bxh6 8. Qxh6 c5 9. dxc5 Qa5 10. cxd6 exd6 11. Nf3 Be6 12. Qg5 Qxg5+ 13. Nxg5 Ne8 14. f4 h6 15. Nxe6 fxe6 16. g3 b5 17. Bh3 Kf7 18. f5 e5 19. fxg6+ Kxg6 20. Nd5 Ra7 21. Bf5+ Kg7 22. Ne3 Nc6 23. c3 Rc7 24. Kb1 Ne7 25. Rhf1 Rc5 26. g4 Rf6 27. h4 Nxf5 28. Nxf5+ Kg6 29. Ne7+ Kg7 30. Nf5+ Kg6 31. Rd3 Rc4 32. Re3 d5 33. Rfe1 Nc7 34. exd5 Rxg4 35. Ne7+ Kf7 36. Rxe5 Rxh4 37. d6 Ne6 38. Nd5 Rg6 39. d7 1-0